000 01496nam a2200337 i 4500
003 DO-SdBNP
005 20250923090550.0
007 ta
008 240208t2023 dr ac||| |||| 00| p spa d
020 _a9789945510362
040 _aDO-SdBNP
_bspa
_cBNPHU
_erda
041 _aspa
082 4 _axxx
_bV986p
_222
245 0 0 _aVuelta al paraíso :
_bantología de Jeannette Miller /
_cSelección y prólogo de, José Alcántara Almánzar ; corrección, María del Carmen Vicente, Apolinar Liz Rodríguez y José Ángel Mercedes Bratini
250 _aPrimera edición
264 4 _aSanto Domingo :
_bEditora Nacional,
_c©2023.
300 _a437 páginas ;
_c23 cm.
336 _atexto
_btxt
_2rdacontent
337 _asin mediación
_bn
_2rdamedia
338 _avolumen
_bnc
_2rdacarrier
490 1 _aColección Homenaje
500 _a2023, XXV Feria Internacional del Libro Santo Domingo, dedicado a la autora Jeannette Miller.
505 _aPrólogo/
_rJosé Alcántara Almánzar.
_gI. De Poesía:
_tCotidianos.--
_tPlatónicos.--
_tPersonales.--
_tPolvo eres.--
_gII. De Narrativa:
_gIII. De Arte y Ensayos.
590 _aInventariado 2024 / MF
600 1 0 _aMiller, Jeannette,
_d1944-
_983484
700 1 _aAlcántara Almánzar, José,
_d1946-
_ecompilador
_4comp.
_97018
700 1 _aVicente, María del Carmen,
_ecorrector
_4corr.
_954913
700 1 _aLiz Rodríguez, Apolinar,
_ecorrector
_4corr.
_984877
700 1 _aMercedes Bratini, José Ángel,
_ecorrector
_4corr.
_984873
942 _2ddc
_cLBS1
999 _c55861
_d55861